Obchodovanie s finančnými derivátmi

Podstata a vymedzenie pojmov deriváty, forward, futures, swap a opcia. Prehľad termínových a opčných kontraktov. Príčiny vzniku a história opčných a termínových derivátov. Základné podmienky opčnej burzy v Chicagu.

Salvato in:
Dettagli Bibliografici
Autore principale: Šturc, Boris, 1961-
Natura: Capitolo di libro
Lingua:slovacco
Soggetti:
Tags: Aggiungi Tag
Nessun Tag, puoi essere il primo ad aggiungerne!!

MARC

LEADER 00000nla$a2200000$$$4500
001 0026633
005 20240502071426.6
041 0 |a slo 
044 |a SK 
245 1 0 |a Obchodovanie s finančnými derivátmi  |c Boris Šturc 
520 |a Podstata a vymedzenie pojmov deriváty, forward, futures, swap a opcia. Prehľad termínových a opčných kontraktov. Príčiny vzniku a história opčných a termínových derivátov. Základné podmienky opčnej burzy v Chicagu. 
610 2 0 |a trh finančný 
610 2 0 |a deriváty 
610 2 0 |a burzy opčné 
610 2 0 |a pojmy 
610 2 0 |a história 
610 2 0 |a forwardy 
610 2 0 |a swap 
610 2 0 |a futurity 
610 2 0 |a opcie 
610 2 0 |a papiere cenné 
100 1 |a Šturc, Boris, 1961-